000 00357nam a2200145 i 4500
001 bg
100 1 _aWOJTKIEWICZ, Andrzej
245 0 _aTeoria obwodów w zadaniach i ćwiczeniach /
_cAndrzej Wojtkiewicz.
250 _aWyd.3.
260 _aGdańsk,
_c1974.
040 _cBPK
041 _apol
942 _cKS
008 s pl f |000 0 pol
999 _c26430
_d26430
856 _uhttp://koha.tu.koszalin.pl/cgi-bin/koha/opac-detail.pl?biblionumber=26430
_yKatalog online BPK